000 00313pab a2200133 454500
008 180718b xxu||||| |||| 00| 0 eng d
100 _aNeena
245 _aCultural regionalism and Hindi nationalism
650 _a Regionalism
650 _a Culture
650 _aNationalism
773 _aJNU News
909 _a23141
999 _c23141
_d23141